Quick Pick: Mecca Pilgrims' Countries Quiz Stats

 Plays Quiz Updated Dec 11, 2018

Support Sporcle.
Go Orange.
Score 0/10 Timer 01:30
0 Plays Today
% Correct
Egypt
87.5%
Pakistan
86.7%
Turkey
82.6%
Iran
80.4%
Indonesia
74.2%
Morocco
71.7%
India
69%
Algeria
66.8%
Bangladesh
66.5%
Nigeria
55.5%

Today's Daily Dose

You're not logged in!

Compare scores with friends on all Sporcle quizzes.
OR
Log In
Forgot?

From the Vault

Figure Out the Beatles Lyrics VII

by fiendishthingy88

Music 10m
You gotta love the Beatles, even if you aren't always sure what they are saying.
Remove Ads.
Support Sporcle.
Get the best of Sporcle when you Go Orange. This ad-free experience offers more features, more stats, and more fun while also helping to support Sporcle. Thank you for becoming a member.

Show Comments

Extras

Top Quizzes Today


Score Distribution

Your Account Isn't Verified!

In order to create a playlist on Sporcle, you need to verify the email address you used during registration. Go to your Sporcle Settings to finish the process.

Report this User

Report this user for behavior that violates our Community Guidelines.

Details: